000 00400nam a2200133Ia 4500
008 100328s9999 xx 000 0 und d
082 _b1678
100 _aGalsworthy John
245 _aPlays First Serles The Silver Box Joy Strife
260 _bHenrietta Street
630 _aPlays First Serles The Silver Box Joy Strife
730 _aPlays First Serles The Silver Box Joy Strife
942 _cBOOK
999 _c497935
_d497932